000 00462cam a2200169ua 4500
020 _c3.00
041 _amal
_h
082 _a930
_bBAL/MA
100 _aBalakrishna Pillai, Umayanellur .
245 _aMayanmarum Inkakalum /
_cUmayanellur Balakrishna Pillai.
_hTextual Documents
260 _aKottayam :
_bSahitya Pravarthaka Co-operative Society ,
_c1961.
300 _a282 ; .
365 _a3.00
504 _a
942 _cBK
999 _c6038
_d6038